Biodiversity and agriculture : (Record no. 43704)
[ view plain ]
| 000 -LEADER | |
|---|---|
| fixed length control field | 01283nam a2200361 a 4500 |
| 001 - CONTROL NUMBER | |
| control field | 43704 |
| 003 - CONTROL NUMBER IDENTIFIER | |
| rucl marc code | BD-RjUL |
| 005 - DATE AND TIME OF LATEST TRANSACTION | |
| control field | 20211209053735.0 |
| 008 - FIXED-LENGTH DATA ELEMENTS--GENERAL INFORMATION | |
| fixed length control field | 160625s1996 dcu b i000 0 eng |
| 020 ## - INTERNATIONAL STANDARD BOOK NUMBER | |
| International Standard Book Number | 0821336169 |
| 035 ## - SYSTEM CONTROL NUMBER | |
| System control number | (BD-RjUL)43822 |
| System control number | (OCoLC)34410818 |
| 040 ## - CATALOGING SOURCE | |
| Original cataloging agency | DLC |
| Transcribing agency | DLC |
| Modifying agency | BD-RjUL |
| Language of cataloging | eng |
| 041 ## - LANGUAGE CODE | |
| Language code of text/sound track or separate title | eng |
| 082 00 - DEWEY DECIMAL CLASSIFICATION NUMBER | |
| Classification number | 333.9516 |
| Edition number | 23 |
| Author mark and year | SRB 1996 |
| 100 1# - MAIN ENTRY--PERSONAL NAME | |
| Personal name | Srivastava, Jitendra |
| Dates associated with a name | 1940- |
| 9 (RLIN) | 134300 |
| 245 10 - TITLE STATEMENT | |
| Title | Biodiversity and agriculture : |
| Remainder of title | implications for conservation and development / |
| Statement of responsibility, etc. | Jitendra Srivastava, Nigel J.H. Smith, and Douglas Forno. |
| 260 ## - PUBLICATION, DISTRIBUTION, ETC. (IMPRINT) | |
| Place of publication, distribution, etc. | Washington, D.C. : |
| Name of publisher, distributor, etc. | World Bank, |
| Date of publication, distribution, etc. | c1996. |
| 300 ## - PHYSICAL DESCRIPTION | |
| Pagination | x, 26 p. ; |
| Size | 28 cm. |
| 490 1# - SERIES STATEMENT | |
| Series statement | World Bank technical paper, |
| Volume/sequential designation | no. 321 |
| 504 ## - BIBLIOGRAPHY, ETC. NOTE | |
| Bibliography, etc | Includes bibliographical references. |
| 650 #0 - SUBJECT ADDED ENTRY--TOPICAL TERM | |
| Topical term or geographic name as entry element | Agricultural ecology. |
| 9 (RLIN) | 124448 |
| Topical term or geographic name as entry element | Biodiversity. |
| 9 (RLIN) | 134301 |
| Topical term or geographic name as entry element | Agricultural conservation. |
| 9 (RLIN) | 134302 |
| Topical term or geographic name as entry element | Biodiversity conservation. |
| 9 (RLIN) | 134303 |
| Topical term or geographic name as entry element | Sustainable agriculture. |
| 9 (RLIN) | 134304 |
| Topical term or geographic name as entry element | Sustainable development. |
| 9 (RLIN) | 134305 |
| 700 1# - ADDED ENTRY--PERSONAL NAME | |
| Personal name | Smith, Nigel J. H., |
| Dates associated with a name | 1949- |
| Personal name | Forno, Douglas, |
| Dates associated with a name | 1946- |
| 830 #0 - SERIES ADDED ENTRY--UNIFORM TITLE | |
| Uniform title | World Bank technical paper ; |
| Volume number/sequential designation | no. 321. |
| 942 ## - ADDED ENTRY ELEMENTS (KOHA) | |
| Source of classification or shelving scheme | Dewey Decimal Classification |
| Koha item type | Books |
| Lost status | Source of classification or shelving scheme | Damaged status | Not for loan | Collection code | Permanent Location | Current Location | Shelving location | Date acquired | Source of acquisition | Cost, normal purchase price | Total Checkouts | Full call number | Date last seen | Copy number | Koha item type |
|---|---|---|---|---|---|---|---|---|---|---|---|---|---|---|---|
| Dewey Decimal Classification | Non-fiction | Central Library, University of Rajshahi | Central Library, University of Rajshahi | 18/08/1996 | M. DA Dhaka | 200.00 | 333.9516 SRB 1996 | 26/06/2016 | C-2 | Books |